[Event "Stare Mesto op"]
[Site "Stare Mesto"]
[Date "2003.08.15"]
[Round "9"]
[White "Obrochta, Bogdan"]
[Black "Medunova, Vera"]
[Result "1/2-1/2"]
[WhiteElo "2060"]
[BlackElo "2180"]
[PlyCount "78"]
[EventDate "2003.08.08"]
[EventType "swiss"]
[EventRounds "10"]
[EventCountry "CZE"]
[SourceTitle "CBM 095 Extra"]
[Source "ChessBase"]
[SourceDate "2003.09.04"]
[SourceVersion "1"]
[SourceVersionDate "2003.09.04"]
[SourceQuality "1"]

1. e4 c5 2. Nc3 Nc6 3. Nf3 d6 4. d4 cxd4 5. Nxd4 e5 6. Nf5 Bxf5 7. exf5 Nf6 8. Bg5 Be7 9. Bc4 0-0 10. Bxf6 Bxf6 11. Nd5 Rc8 12. 0-0 Re8 13. c3 a6 14. Re1 e4 15. Bb3 Re5 16. Qg4 Na5 17. Rxe4 Nxb3 18. Rxe5 Nxa1 19. Re8+ Qxe8 20. Nxf6+ Kf8 21. Nxe8 Rxe8 22. Qd1 Nc2 23. Kf1 Re1+ 24. Qxe1 Nxe1 25. Kxe1 Ke7 26. g4 Kf6 27. f4 h5 28. h3 hxg4 29. hxg4 d5 30. Ke2 Ke7 31. Kd3 f6 32. a4 Kd6 33. a5 Kc5 34. b3 Kc6 35. Kd4 Kd6 36. b4 Kc6 37. c4 dxc4 38. Kxc4 b5+ 39. Kd4 Kd6 1/2-1/2

[Event "Stare Mesto op"]
[Site "Stare Mesto"]
[Date "2003.08.14"]
[Round "8"]
[White "Obrochta, Bogdan"]
[Black "Kludacz, Magdalena"]
[Result "1/2-1/2"]
[WhiteElo "2060"]
[BlackElo "2209"]
[PlyCount "81"]
[EventDate "2003.08.08"]
[EventType "swiss"]
[EventRounds "10"]
[EventCountry "CZE"]
[SourceTitle "CBM 095 Extra"]
[Source "ChessBase"]
[SourceDate "2003.09.04"]
[SourceVersion "1"]
[SourceVersionDate "2003.09.04"]
[SourceQuality "1"]

1. e4 e6 2. d4 d5 3. Nd2 Nf6 4. e5 Nfd7 5. Bd3 c5 6. c3 Nc6 7. Ne2 cxd4 8. cxd4 f6 9. exf6 Nxf6 10. 0-0 Bd6 11. Nf3 0-0 12. Bf4 Bxf4 13. Nxf4 Ng4 14. Ne2 Qd6 15. h3 Rxf3 16. hxg4 Rf7 17. f4 Bd7 18. a3 a6 19. Rf3 Na5 20. Qc2 g6 21. b4 Rc8 22. Qb2 Nc4 23. Bxc4 Rxc4 24. Qd2 Bb5 25. Re1 Rfc7 26. Nc3 Bd7 27. Re5 Qc6 28. Ree3 Qb6 29. Rd3 Qd6 30. Rde3 a5 31. bxa5 Qxa3 32. f5 exf5 33. Nxd5 Rc1+ 34. Re1 Rxe1+ 35. Qxe1 Rc1 36. Rxa3 Rxe1+ 37. Kf2 Re6 38. gxf5 Rd6 39. Ne3 Rxd4 40. fxg6 hxg6 41. a6 1/2-1/2

[Event "Stare Mesto op"]
[Site "Stare Mesto"]
[Date "2003.08.10"]
[Round "3"]
[White "Volodin, Viktor Nikolaevich"]
[Black "Obrochta, Bogdan"]
[Result "1-0"]
[WhiteElo "2283"]
[BlackElo "2060"]
[PlyCount "87"]
[EventDate "2003.08.08"]
[EventType "swiss"]
[EventRounds "10"]
[EventCountry "CZE"]
[SourceTitle "CBM 095 Extra"]
[Source "ChessBase"]
[SourceDate "2003.09.04"]
[SourceVersion "1"]
[SourceVersionDate "2003.09.04"]
[SourceQuality "1"]

1. Nf3 Nf6 2. c4 g6 3. d4 Bg7 4. g3 0-0 5. Bg2 d6 6. 0-0 Nbd7 7. Nc3 e5 8. h3 Re8 9. e4 exd4 10. Nxd4 Nc5 11. Re1 a5 12. Rb1 Bd7 13. Ndb5 Bc6 14. e5 Rxe5 15. Rxe5 dxe5 16. Qxd8+ Rxd8 17. Nxc7 Bxg2 18. Kxg2 Rd7 19. N7b5 Bf8 20. Be3 Be7 21. b3 Nce4 22. Na4 Rd3 23. Rb2 Nd7 24. Kf3 Nec5 25. Nac3 f5 26. Ke2 g5 27. Nd5 Bd8 28. f4 gxf4 29. gxf4 e4 30. Nd6 Ne6 31. Nxb7 Bh4 32. Rd2 Rxd2+ 33. Kxd2 Kf7 34. c5 Nf6 35. Nd6+ Kf8 36. Nxf6 Bxf6 37. Nxf5 Nc7 38. Nd6 Be7 39. Nxe4 Ke8 40. Kd3 Kd7 41. f5 Nd5 42. Bd4 Nf4+ 43. Kc4 Nxh3 44. Bg7 1-0

[Event "Bytom op"]
[Site "Bytom"]
[Date "1995.??.??"]
[Round "?"]
[White "Masternak, Grzegorz"]
[Black "Obrochta, Bogdan"]
[Result "1-0"]
[WhiteElo "2395"]
[BlackElo "2100"]
[PlyCount "106"]
[EventDate "1995.??.??"]
[EventType "swiss"]
[EventRounds "9"]
[EventCountry "POL"]
[SourceTitle "EXT 1997"]
[Source "ChessBase"]
[SourceDate "1996.11.15"]
[SourceVersion "1"]
[SourceVersionDate "1996.11.15"]
[SourceQuality "1"]

1. e4 e5 2. Nf3 Nc6 3. d4 exd4 4. Bc4 Nf6 5. e5 d5 6. Bb5 Ne4 7. Nxd4 Bd7 8. Bxc6 bxc6 9. 0-0 Bc5 10. Be3 0-0 11. f3 Ng5 12. f4 Ne4 13. Nd2 Nxd2 14. Qxd2 Bxd4 15. Bxd4 Bf5 16. Qf2 a6 17. h3 Rb8 18. b3 Re8 19. c3 Rb5 20. b4 Rb8 21. g4 Bd3 22. Rfe1 Ra8 23. f5 a5 24. f6 gxf6 25. exf6 Rxe1+ 26. Rxe1 Be4 27. Qd2 Kh8 28. Bc5 Qg8 29. a3 Qg6 30. Qf4 axb4 31. Bxb4 Rg8 32. Kh2 h6 33. a4 Ra8 34. Ra1 Kh7 35. a5 Bd3 36. Bc5 Qg5 37. Kg3 Kg6 38. Be7 Qxf4+ 39. Kxf4 Bc4 40. h4 Ba6 41. h5+ Kh7 42. Re1 Bd3 43. Ke3 Ba6 44. Kd4 Bb5 45. Bc5 Rg8 46. Re7 Rxg4+ 47. Ke3 Kg8 48. Re8+ Kh7 49. Rf8 Re4+ 50. Kd2 Rf4 51. Rxf7+ Kg8 52. Rg7+ Kh8 53. Rxc7 Kg8 1-0

[Event "Bytom op"]
[Site "Bytom"]
[Date "1995.??.??"]
[Round "?"]
[White "Obrochta, Bogdan"]
[Black "Kucypera, Anna"]
[Result "0-1"]
[WhiteElo "2100"]
[BlackElo "2035"]
[PlyCount "106"]
[EventDate "1995.??.??"]
[EventType "swiss"]
[EventRounds "9"]
[EventCountry "POL"]
[SourceTitle "EXT 1997"]
[Source "ChessBase"]
[SourceDate "1996.11.15"]
[SourceVersion "1"]
[SourceVersionDate "1996.11.15"]
[SourceQuality "1"]

1. e4 c5 2. Nf3 d6 3. d4 cxd4 4. Nxd4 Nf6 5. Nc3 a6 6. f4 Qc7 7. Be2 e6 8. 0-0 Nbd7 9. Be3 b5 10. Bf3 Bb7 11. a3 Nc5 12. e5 dxe5 13. fxe5 Qxe5 14. Bf4 Bxf3 15. Rxf3 Qh5 16. Nc6 Nce4 17. Nxe4 Nxe4 18. Ne5 Bc5+ 19. Kf1 0-0 20. Qe2 Ng5 21. Bxg5 Qxg5 22. Rg3 Qf4+ 23. Nf3 Qe3 24. Re1 Qxe2+ 25. Rxe2 Rfd8 26. Re1 Rd5 27. Rg5 Rad8 28. Rxd5 Rxd5 29. Ke2 Kf8 30. Rc1 Ke7 31. c4 bxc4 32. Rxc4 Bd6 33. g3 a5 34. Nd4 Rh5 35. Nf3 Rb5 36. Rc2 Be5 37. Nxe5 Rxe5+ 38. Kf2 Rb5 39. Ke3 Kd6 40. Rd2+ Ke5 41. Re2 Rb3+ 42. Kd2+ Kd4 43. Kc2 Rb7 44. b3 Rc7+ 45. Kb2 e5 46. Rd2+ Ke4 47. Re2+ Kf5 48. b4 a4 49. h3 e4 50. b5 Rb7 51. Kc3 Rxb5 52. Kd4 Rb3 53. g4+ Kg5 0-1

[Event "Czestochowa YAWAL op"]
[Site "Czestochowa"]
[Date "1994.??.??"]
[Round "3"]
[White "Obrochta, Bogdan"]
[Black "Bednarski, Jacek B"]
[Result "1-0"]
[WhiteElo "2135"]
[BlackElo "2000"]
[PlyCount "73"]
[EventDate "1994.??.??"]
[EventType "swiss"]
[EventRounds "9"]
[EventCountry "POL"]
[SourceTitle "EXT 2006"]
[Source "ChessBase"]
[SourceDate "2005.11.24"]
[SourceVersion "1"]
[SourceVersionDate "2005.11.24"]
[SourceQuality "1"]

1. e4 c5 2. Nf3 d6 3. d4 cxd4 4. Nxd4 Nf6 5. Nc3 Nc6 6. Be2 e5 7. Nb3 Be7 8. 0-0 0-0 9. Bg5 a5 10. a4 Be6 11. Qd2 Bxb3 12. cxb3 Nd4 13. Bc4 Nd7 14. Be3 Nc6 15. Nd5 Nc5 16. f3 Re8 17. Nxe7+ Qxe7 18. Rad1 Nd4 19. Bxd4 exd4 20. Qxd4 Red8 21. Rd2 Kf8 22. Rfd1 Rac8 23. e5 d5 24. Qe3 Nxa4 25. Bxd5 Nc5 26. f4 b6 27. Qh3 h6 28. Qf3 Qc7 29. Qe3 Qe7 30. f5 Rc7 31. f6 Qe8 32. fxg7+ Kxg7 33. Qg3+ Kh7 34. Bxf7 Qxf7 35. Rxd8 Ne4 36. e6 Nxg3 37. exf7 1-0